00722nam a22002657b 4500001001000000003000900010005001700019007001000036008004100046016001300087017000900100020001500109035000600124040002500130080000600155082001800161100003100179245005200210260003400262300001900296500007000315650002200385650002400407830002500431 0002130 DO-SdBNP20171122114206.0 0002130 060921s2006 sp | ||| ||spa 7 a 2BPMSU a b  a9587044681 a  aBPMSUbspacBPMSUe  0a  4aM863.4bF954t1 aFuentes, Carlosd1928-201210aTodas las familias felices /h cCarlos Fuentes0 aBogotá : bAlfaguara,c2006 a421 p.;c24 cm aIncluye datos biográficos del autor en la solapa de la cubierta 4aCUENTOS MEXICANOS 4aLITERATURA MEXICANA aBiblioteca Alfaguara